Matematické modelovanie prestupu tepla v stekajúcom filme diplomová práca

Salvato in:
Dettagli Bibliografici
Autore principale: Lörinc, Réka
Natura: Libro
Lingua:slovacco
Pubblicazione: Bratislava STU FCHPT 2017
Accesso online:Visualizza in OPAC
Tags: Aggiungi Tag
Nessun Tag, puoi essere il primo ad aggiungerne!!

MARC

LEADER 00000nam a2200000 a 4500
005 20260127134157.0
008 170809 2017 xo 001 0 slo d
035 |a vtls011706259 
039 9 |y 201708091210  |z mschk03 
040 |a STUSCHK1  |b slo  |c STUSCHK1  |e AACR2 
100 1 |a Lörinc, Réka 
245 1 |a Matematické modelovanie prestupu tepla v stekajúcom filme  |b diplomová práca  |c Réka Lörinc 
260 |a Bratislava  |b STU FCHPT  |c 2017 
300 |a 62 s.  |b il.  |c 25 cm 
500 |a Študijný program: chemické inžinierstvo 
500 |a Študijný odbor: chemické inžinierstvo 
500 |a Školiace pracovisko: Oddelenie chemického a biochemického inžinierstva 
500 |a Evid. číslo: FCHPT-5433-61057 
910 |a SCHK95 
999 |c 5903  |d 5903